1260 1919 1239 1711 1056 1967 1607 1301 1611 1988 1235 1415 1792 1927 1760 1091 1316 1462 1870 1105 1387 1683 1282 1538 1853 1866 1238 1166 1351 1255 1932 1129 1357 1803 1766 1153 1981 1146 1821 1155 1210 1762 1301 1478 1020 1764 1080 1200 1485 1666 1911 1403 1656 1152 1233 1149 1328 1892 1838 1282 1103 1812 1939 1622 1013 1675 1107 1815 1628 1238 1276 1304 1297 1234 1566 1995 1561 1853 1817 1925 1763 1756 1678 1633 1538 1166 1258 1418 1666 1691 1168 1901 1491 1229 1229 1138 1754 1863 1464 BCNSPRNW ULIB Ver.6.0+V

เปลี่ยนเป็นภาษาไทย

Change to English
 แสดงรายละเอียดบรรณานุกรม
  กลับหน้าหลัก

Brief Record : Get Marc (ISO 2709) : E-mail record : QR code < ปิดหน้าต่าง
LEADER : 00000nas 2200000uu 4500
001    13399120111
003     ULIB
008    020711s|||| th a 000 0 tha d
022    16856740
110    มหาวิทยาลัยบูรพา
245    วิทยาการวิจัยและวิทยาการปัญญา /^cมหาวิทยาลัยบูรพา
260    ชลบุรี :^bมหาวิทยาลัยบูรพา,^cม.ป.ป.
310    ^aราย 6 เดือน
850 ^a ULIB^bฉบับที่ 2 ปีที่ 15 ฉ.1 ;ฉบับที่ 2 ปีที่ 8 ;ฉบับที่ 1 ปีที่ 9 ;ฉบับที่ 2 ปีที่ 9 ;ฉบับที่ 1 ปีที่ 15 ฉ.1
945    ^p0^l0^i905026
945    ^p0^l0^i900668
945    ^p0^l0^i900669
945    ^p0^l0^i900670
945    ^p0^l0^i904653
999    ^aวรรณษา ชูชัยมงคล
รายการนี้ยังไม่มีแท็ก
คุณยังไม่ได้ล็อกอิน คุณสามารถมีกิจกรรมร่วมกับเว็บไซต์ได้ แต่ต้องล็อกอินก่อน ::
  ล็อกอิน

รายการสื่อสารสนเทศ (วารสาร)

ดูแบบ: กล่อง รายการ
ARRIVED
ฉบับที่ 2 ปีที่ 8
สถานที่: ห้องสมุดวิทยาเขตสวรรค์ประชารักษ์ >วารสาร
ARRIVED
ฉบับที่ 1 ปีที่ 9
สถานที่: ห้องสมุดวิทยาเขตสวรรค์ประชารักษ์ >วารสาร
ARRIVED
ฉบับที่ 2 ปีที่ 9
สถานที่: ห้องสมุดวิทยาเขตสวรรค์ประชารักษ์ >วารสาร
ARRIVED
ฉบับที่ 1 ปีที่ 15 ฉ.1
สถานที่: ห้องสมุดวิทยาเขตสวรรค์ประชารักษ์ >หนังสือพิมพ์
ARRIVED
ฉบับที่ 2 ปีที่ 15 ฉ.1
สถานที่: ห้องสมุดวิทยาเขตสวรรค์ประชารักษ์ >วารสาร

BibComment


ยังไม่เคยถูกคอมเมนท์

คอมเมนท์ทรัพยากรรายการนี้
  คอมเมนท์: วิทยาการวิจัยและว..


 Copyright 2026. Bcnsprnw @Library